| 000 | 00616nam a22001337a 4500 | ||
|---|---|---|---|
| 040 | _cRUA | ||
| 082 | _aLMA HOR 2017 B652 Or.1 | ||
| 100 | _aHORT SARNET ហ៊ត សណេត | ||
| 245 | _ausing orthophoto captured by drone to support in systematic land registration ការប្រើផែនទីរូបថតពីលើអាកាសដោយជ្រូនបម្រើរដល់ការចុះបញ្ចីដីធ្លីមានលក្ខណះជាប្រពន្ធ | ||
| 260 |
_aRUA _bPhnom penh _c2017 |
||
| 300 |
_axi;30p _bill; _c29cm |
||
| 856 | _u HORT SARNET | ||
| 942 | _cLMA | ||
| 999 |
_c18452 _d18452 |
||